| 000 | 00459nam a2200145Ia 4500 | ||
|---|---|---|---|
| 008 | 151021s9999 xx 000 0 und d | ||
| 020 | _a9.7801320589e+012 | ||
| 050 | _aHf5548.4.J6375 2007 | ||
| 245 | _a_Brilliant Microsoft Excel 2007 What you need to know and how to do it | ||
| 260 | _aEngland Pearson Education 2007 | ||
| 300 | _axx,538p.;ill | ||
| 500 | _aIncludes Index | ||
| 650 | _a_Microsoft Excel 2007 | ||
| 980 | _a^d20110127 12:35:25^okilerai | ||
| 999 |
_c6504 _d6504 |
||